000
00218nam a22000857a 4500
008
161108b xxu||||| |||| 00| 0 eng d
100
_9
1079
_a
Chowdhry.N.K.
245
_a
Social Science-IX
260
_a
New Delhi
_b
S. Chand
_c
2012
999
_c
3736
_d
3736